| 000 | 00610nam a22001817a 4500 | ||
|---|---|---|---|
| 005 | 20250801114433.0 | ||
| 010 | _aENG-146307 | ||
| 020 |
_a9789349015401 _c1195.00 |
||
| 035 | _aEN-129839 | ||
| 037 | _bDBAD | ||
| 082 | _a320.54 | ||
| 100 |
_aSingh, Devender _983569 |
||
| 245 |
_aThe Indian Parliament _cDevender Singh _bSamvidhan Sadan to Sansad Bhawan |
||
| 260 |
_aGurgaon, Haryana, India _blexisnexis _c2025 |
||
| 270 |
_a14th floor, building no 10, tower B, DLF Cyber City, Phase II, Gurgaon, Haryana, India _bGurgaon |
||
| 300 |
_a468p. _c25cm(pbk) |
||
| 942 |
_2ddc _cEN _h320.54 _mSIN |
||
| 999 |
_c212777 _d212777 |
||